000 00505nam a2200193 a 4500
001 1771297336947
003 YourLibrary
005 20260220115231.0
008 260217s2005##################000#0#eng##
020 _a9781844072415
082 0 4 _a333.794
_bLAU
100 1 _aLauber, Volkmar,
_eauthor.
245 1 0 _aSwitching to Renewable Power :
260 _bEarthscan Publications,
_c2005.
300 _a296 pages
650 0 _aScience.
942 _cENGLISH
040 _aYourLibrary
_beng
_cYourLibrary
999 _c613925
_d613925